01227nam a2200193Ia 4500001001100000003001000011008004100021040002500062041001300087100001700100245010600117250001100223260009200234300002700326500026600353501011400619520026600733650003400999L235-10851IT-CnALBA170116s9999||||xx |||||||||||||| ||und|| aIT-CnALBAcIT-CnALBA aITALIANO aSENZA AUTORE 0aLA BELLA TRADIZIONE DEI NOSTRI PRETI SANTI... MONS. GIOVANNI DAL POZZO. CENNI BIOGRAFICI. 1876-1939.  a1a ed. aVISCHE (TO)bBETANIA S. CUORE, TIP PRIV c1961 [1° Ed.:1961 - Ed.Ling.Originale: 1961] a161 p. (prefazione: 5) aVITA DI GIOVANNI DAL POZZO. INFANZIA E GIOVINEZZA. SACERDOTE. RETTORE. NEL PENSIONATO DELL'UNIVERSITÀ. DIRETTORE SPIRITUALE AD ALBA. CANONICO A TORINO. DISGRAZIE. CONSUMAZIONE. VIRTÙ. SEMPLICITÀ. ZELO APOSTOLICO. CONGREGAZIONE DEI FIGLI DEL SACRO CUORE. A aSocietà San Paolo EM - Piazza San Paolo, 14 - 12051 ALBA (CN) (non commercial uses only) ® Copyright 2017 aVITA DI GIOVANNI DAL POZZO. INFANZIA E GIOVINEZZA. SACERDOTE. RETTORE. NEL PENSIONATO DELL'UNIVERSITÀ. DIRETTORE SPIRITUALE AD ALBA. CANONICO A TORINO. DISGRAZIE. CONSUMAZIONE. VIRTÙ. SEMPLICITÀ. ZELO APOSTOLICO. CONGREGAZIONE DEI FIGLI DEL SACRO CUORE. A aMARIA SS. ANGELI SANTI DEMONI